000 00486nam a2200169Ia 4500
003 GCL
008 140319s9999 xx 000 0 eng d
040 _aGCL /
_cGCL
082 0 4 _a621.319
_bO S
100 1 _aO'MALLEY, JOHN
245 1 0 _aSCHAUM'S OUTLINE OF THEORY AND PROPLEMS OF BASIC CIRCUIT ANALYSIS /
_cO'MALLEY, JOHN
260 _a[S.N] :
_bMC GRAW - HILL ،
_c1992
300 _a419 P
490 _aSCHAUM'S OUTLINE SERIES
_v0
650 0 4 _aELECTRIC CIRCUIT
942 _2ddc
_cBK
999 _c21244
_d21244